[Event "EU-chT (Men) 21st"]
[Site "Heraklion"]
[Date "2017.10.31"]
[Round "4.1"]
[White "Ragger, Markus"]
[Black "Ftacnik, Lubomir"]
[Result "1/2-1/2"]
[WhiteElo "2659"]
[BlackElo "2546"]
[Annotator "Ftacnik,L"]
[PlyCount "102"]
[EventDate "2017.10.28"]
[EventType "team-swiss"]
[EventRounds "9"]
[EventCountry "GRE"]
[SourceTitle "CBM 182"]
[Source "ChessBase"]
[SourceDate "2018.01.17"]
[SourceVersion "1"]
[SourceVersionDate "2018.01.17"]
[SourceQuality "1"]
[WhiteTeam "Austria"]
[BlackTeam "Slovakia"]
[WhiteTeamCountry "AUT"]
[BlackTeamCountry "SVK"]

1. e4 c5 2. Nf3 d6 3. d4 cxd4 4. Nxd4 Nf6 5. Nc3 a6 6. Be2 e5 7. Nf3 Be7 8. Bg5
Nbd7 9. a4 {The line is not so well known, but White has a great ambition to
exploit the potential of the strategic weakness of the d5-square. Black must
try to develop smartly otherwise he will be squeezed in the middlegame.} h6 {
It is interesting, that both pawns moves h6 and b6 sport a much better score
that the obvious 9...0-0. White has to decide what to do with the bishop.} (
9... b6 10. Nd2 (10. Bc4 Bb7 11. Qe2 h6 12. Bxf6 Nxf6 13. O-O O-O 14. Rfd1 Qc7
15. Nh4 Rfd8 16. Nf5 Bf8 17. Nd5 Nxd5 18. Bxd5 Bxd5 19. Rxd5 $16 {1-0 (42)
Lopez Martinez,J (2589)-Nayhebaver,M (2451) Linares 2017}) 10... h6 (10... Bb7
11. Nc4 h6 (11... Qc7 12. Ne3 O-O 13. O-O Rfe8 14. Bc4 $1 Rac8 (14... Nxe4 15.
Nxe4 Bxe4 16. Bxe7 Rxe7 17. Bd5 $16) (14... Qc5 15. Qd3 Bf8 16. Rfd1 Rec8 17.
Bb3 b5 18. Ncd5 Bxd5 19. Nxd5 bxa4 20. Rxa4 Nxd5 21. Bxd5 Nb6 22. Be3 Qb5 23.
Qxb5 axb5 24. Rxa8 Nxa8 25. Ra1 $16 {Stockova,Z (2383)-Shvayger,Y (2275)
Tromsoe olw 2014}) 15. Bxf6 Nxf6 16. Qd3 Ra8 17. Rfd1 Red8 18. Bd5 Rac8 19. Ra3
Rd7 20. Rb3 Bd8 21. Bc4 Ra8 22. Ncd5 Nxd5 23. Bxd5 Bxd5 24. Qxd5 Rc8 25. Rc3
$16 {Eswaran,A (2225)-Abrahamyan,T (2342) Saint Louis 2016}) 12. Bh4 Qc7 (12...
Rc8 13. O-O g5 14. Bg3 Qc7 15. Ne3 Qc5 16. Ra3 Qd4 17. Bd3 Nc5 18. Ne2 Qxb2 19.
Nc4 Nxd3 20. Nxb2 Nxb2 21. Qa1 Nc4 22. f3 Nxa3 23. Qxa3 d5 24. Qb2 O-O 25. Bxe5
$16 {Hovhannisyan,R (2610)-Gabuzyan,H (2533) Jermuk 2013}) 13. Ne3 (13. f3 $14
{[%cal Yh4f2]}) 13... O-O (13... Qc5 14. O-O g6 15. Bd3 Bd8 16. Qd2 Nh5 17.
Bxd8 Rxd8 18. Ncd5 Nhf6 19. b4 Qc8 20. c4 Nxd5 21. Nxd5 $16 {1-0 (39) Van der
Wiel,J (2570)-Hoeksema,H (2405) Amsterdam 1994}) 14. O-O Rfe8 15. Bc4 Qc5 16.
Bxf6 (16. Qd3 $142 $1 $36) 16... Nxf6 17. Qf3 Rac8 18. Ncd5 Nxd5 19. Bxd5 Bxd5
20. Nxd5 Qxc2 $11) 11. Bxf6 (11. Bh4 $5) 11... Nxf6 12. Nc4 Bb7 (12... Be6 $5
13. Ne3 Qc7 $1 (13... O-O 14. Ned5 $14 (14. Bc4 {Lasya,G (1898)-Sahajasri,C 
(2023) Chennai 2011} Nxe4 15. Nxe4 Bxc4 16. Nxc4 d5 17. Nxe5 Qc7 $5 18. Ng6
Rfe8 $11)) 14. Ncd5 Nxd5 15. Nxd5 Qc6 $11) 13. a5 $1 (13. Qd3 O-O 14. Ne3 Rc8
$11) 13... b5 14. Nb6 Nxe4 15. Nxe4 Bxe4 16. Bf3 (16. Nxa8 Qxa8 17. Bf3 Bxf3
18. Qxf3 Qxf3 19. gxf3 Kd7 $44) 16... Bxf3 17. Qxf3 Ra7 18. c4 $1 $44 d5 $1 (
18... bxc4 19. Qc6+ Kf8 20. Qxc4 g6 21. O-O Kg7 22. Rfd1) 19. cxb5 Bb4+ 20. Ke2
Bxa5 21. Nxd5 axb5 (21... O-O 22. b4 Bb6 23. bxa6 Bd4) 22. b4 Bb6 23. Rxa7 Bxa7
24. Ra1 Bb8 25. Qd3 O-O $11 {1-0 (39) Carlsen,M (2832)-Vachier Lagrave,M (2796)
Paris 2017}) (9... O-O 10. Nd2 $5 (10. O-O h6 (10... Nc5 $5 11. Bxf6 Bxf6 12.
Nd2 {/\ Nc4-e3-d5} Be6 13. Nc4 Rc8 14. Ne3 Bg5 15. Ned5 a5 16. Bf3 $14 g6 17.
Qe2 f5 18. Rfd1 Kh8 19. g3 Bh6 20. Bg2 Rf7 21. f3 fxe4 22. fxe4 $11 {1-0 (64)
Smyslov,V (2520)-Dvoirys,S (2590) Biel 1993}) (10... b6 11. Bc4 Bb7 12. Bxf6
Nxf6 13. Qe2 Qc7 14. Rfd1 Rfc8 15. Bb3 h6 16. Nh4 Bf8 17. Nf5 Qd7 18. Qf3 Kh7
19. Ne3 Rxc3 20. bxc3 Bxe4 21. Qe2 $16 {0-1 (40) Adhiban,B (2670)-Harsha,B 
(2394) Douglas 2017}) 11. Bh4 (11. Bxf6 Nxf6 12. Bc4 Be6 13. Qd3 Rc8 14. Nd2
Qb6 (14... Rc5 15. Nd5 Nxd5 16. exd5 Bd7 17. b4 Rc8 18. a5 f5 19. f3 Bg5 20.
Rfd1 Bxd2 21. Rxd2 Qh4 $17 {0-1 (28) Dagakis,P-Pigusov,E (2585) Komotini 1993})
15. a5 Qc6 16. Ra4 Rfd8 17. Bd5 Bxd5 18. exd5 Qe8 (18... Qc7 19. Nc4 Nd7 $13)
19. Rb4 Rd7 20. Na4 Bd8 21. Nc4 Rxc4 22. Rxc4 Bxa5 23. b4 b5 24. Rc6 Bxb4 {
1/2-1/2 (36) Van der Wiel,J (2500)-Beliavsky,A (2635) Wijk aan Zee 1985}) 11...
g5 $5 (11... b6 12. Nd2 Bb7 13. Bc4 $14) (11... Nc5 12. Bxf6 Bxf6 13. a5 Be6 (
13... d5 14. Nxd5 Nxe4 15. Nxf6+ Qxf6 16. Qd5 $14) 14. b4 Nd7 15. Nd5 Bxd5 $6 (
15... Rc8) 16. Qxd5 Qc7 17. Rfd1 Be7 18. c4 Nf6 19. Qd3 Rfc8 20. Nd2 b6 21.
axb6 Qxb6 22. Ra4 $14 {Franken,P (2358)-Langschmidt,D (1980) email 2013}) 12.
Bg3 Nc5 13. Nd2 Be6 14. Qc1 Kg7 15. Re1 Rc8 16. Bf1 Ncd7 17. f3 d5 18. exd5
Nxd5 19. Nxd5 Bxd5 20. c3 {Dvoirys,S (2555)-Aseev,K (2522) Krasnoyarsk 2003}
Qc7 $13 {[%cal Yf7f5]}) 10... Nc5 (10... d5 $5 {is strategically desirable and
seems to work tactically as well after} 11. exd5 Nxd5 12. Bxe7 (12. Nxd5 Bxg5
13. Ne4 Nf6 14. Nexf6+ Bxf6 15. O-O e4 $132) 12... Nxe7 13. Nde4 Qc7 $6 (13...
Nc6 14. O-O Nd4 15. Re1 Nf6 $11) 14. Qd6 Qxd6 15. Nxd6 Nb6 16. Bf3 Rb8 17. a5
Nd7 18. Rd1 (18. O-O-O $16) 18... Nf6 19. Nc4 $6 (19. O-O $1 $36) 19... Bf5 20.
Nxe5 Bxc2 21. Rd2 Bf5 22. O-O Ng6 23. Nxg6 Bxg6 24. Nd5 Nxd5 25. Rxd5 b6 26.
axb6 Rxb6 $11 {Ylijoki,M-Tiihonen,I Finland 1997}) (10... h6 11. Bh4 (11. Be3
Qc7 12. O-O Nc5 $132) 11... d5 12. exd5 Nxd5 13. Bxe7 Nxe7 14. Nc4 Nc6 15. O-O
Nd4 $6 (15... Nf6) 16. Re1 f6 17. Nd5 b5 (17... Nc5 18. Nce3 $14) 18. axb5 Bb7
19. Nce3 axb5 20. Rxa8 Bxa8 21. Bf1 Nc5 22. c3 Bxd5 23. cxd4 Bb3 24. Qc1 $36 {
Tarlev,K (2592)-Omidi,A (2313) Rasht 2017}) 11. Bxf6 Bxf6 12. Nc4 Be7 $6 (12...
Be6 $142 $5 13. Qxd6 Qxd6 (13... Rc8 14. Qxd8 Rfxd8 15. Nb6 Rc6 16. a5 $14) 14.
Nxd6 Rfd8 $32 {/\} 15. O-O-O b5 $1) 13. O-O (13. a5 $1 Rb8 14. Nb6 Nd7 (14...
Be6 $142 $5 15. O-O (15. Bc4 Nxe4 $5 16. Nxe4 Bxc4 17. Nxc4 d5 18. Nb6 dxe4 19.
Nd7 Qc7 20. Nxf8 Rd8 $44) 15... Nd7 16. Ncd5 Nxb6 17. Nxb6 Qc7 $14) 15. Ncd5
Nxb6 16. Nxb6 Be6 17. Bc4 $5 Qc7 (17... d5 18. Nxd5 Rc8 19. Bb3 $14) 18. Qd3
Bd8 19. c3 Qc6 20. Bd5 $1 Qe8 (20... Qc7 21. O-O $16) 21. Bxe6 Qxe6 22. Nd5 $16
{[%csl Gd5,Rd8] 1-0 (52) Vachier Lagrave,M (2791)-Nepomniachtchi,I (2742)
Saint Louis 2017}) 13... Be6 14. a5 Rc8 15. Nb6 Rc6 16. b4 Nd7 17. Nbd5 Bg5 18.
Na4 Bxd5 19. exd5 Rc7 (19... Rc8 $1 20. c4 e4 $132) 20. c4 e4 21. c5 $1 dxc5
22. d6 Rc8 (22... Rc6 23. b5 Rc8 24. bxa6 bxa6 25. Bxa6 Ra8 $13) 23. Bg4 $1
cxb4 24. Bxd7 Qxd7 25. Nb6 $14 {1-0 (34) Carlsen,M (2832)-Nepomniachtchi,I 
(2732) Leuven 2017 1-0} Qb5) (9... Qb6 10. a5 Qxb2 11. Bd2 Qb4 12. Nd5 Qc5 13.
Bb4 Qc6 14. Nxe7 Kxe7 15. Nxe5 Nxe5 16. Qd4 Ke8 17. Bxd6 Ng6 18. f3 Be6 19. c4
Rd8 20. c5 Nd7 21. Rd1 f6 22. O-O Kf7 23. f4 Nxc5 24. f5 Ne5 25. fxe6+ Nxe6 26.
Qxe5 {1-0 (26) Vachier Lagrave,M (2795)-Xiong,J (2652) chess.com INT 2017}) 10.
Be3 (10. Bh4 g5 11. Bg3 Nc5 12. Nd2 Be6 13. f3 h5 14. Nc4 Rc8 15. Ne3 g4 16.
Bf2 h4 17. a5 Kf8 18. b4 Nb3 19. cxb3 Rxc3 20. Qd2 Rc8 21. Bc4 h3 $17 {0-1 (37)
Fleck,J (2408)-Naiditsch,A (2524) Germany 2001}) (10. Bxf6 Nxf6 11. Bc4 O-O 12.
Qd3 Bd7 13. O-O g6 14. Rfd1 Kg7 15. Nd2 Qc7 16. Nf1 a5 17. Ne3 Bc6 18. Rd2 Rfd8
19. Rad1 Rac8 20. Kh1 Bf8 21. b3 h5 22. Ncd5 Nxd5 23. Nxd5 Bxd5 24. Qxd5 $16 {
1/2-1/2 (57) Pierrot,J (2446)-Quiroga,F (2360) Buenos Aires 1999}) 10... b6 11.
Bc4 (11. Nd2 $5 Bb7 12. Nc4 (12. O-O O-O 13. Bc4 $14) 12... Qc7 13. f3 $14)
11... Bb7 12. Qd3 $6 {It is hardly Ragger's fault that this highly desirable
move suffers from a tactical flaw. Much better in the fight for an advantage
was the knight move 12.Nd2.} (12. Nd2 Qc7 13. O-O O-O 14. Qe2 Nc5 $14) 12... b5
$1 13. Bb3 (13. axb5 axb5 14. Rxa8 Qxa8 15. Bxb5 Qa1+ 16. Nd1 Qa5+ (16... Bxe4
17. Bxd7+ Kxd7 18. Nxe5+ Ke6 19. Qb3+ Bd5 20. Nc4 Qa6 21. Bf4 Bxc4 22. Qh3+ Kd5
23. Qf3+ Kc5 24. Be3+ Kb4 25. Qf5 $11) 17. Nc3 Bxe4 18. Qd2 $14) (13. Bd5 Nxd5
14. Nxd5 O-O 15. axb5 axb5 $11) 13... b4 14. Nd5 {The first player has to
accept a rather bland position with no chances for an advantage.} (14. Qc4 O-O
15. Qxb4 Rb8 16. Qc4 Nxe4 $11) 14... Bxd5 15. Bxd5 Nxd5 16. Qxd5 (16. exd5 $6
O-O 17. Nd2 f5 $15) 16... O-O 17. Qd3 {A very subtle move that deals with the
idea of the black knight going to f6.} (17. O-O Nf6 18. Qd3 d5 19. Nxe5 Qc7 20.
f4 dxe4 21. Qe2 Rac8 22. Rac1 Rfd8 23. Kh1 Nd7 24. Nxd7 Qxd7 25. Qxa6 Bf6 $15)
17... Qc7 (17... Nf6 18. Nh4 $1 Nxe4 19. Nf5 Ng5 20. O-O $11) 18. O-O (18. Nd2
Qc6 (18... Rfc8 19. Rc1 Qc6 20. b3 f5 21. f3 fxe4 22. fxe4 Rf8 23. Nc4 Rac8 $15
) 19. O-O Nf6 20. Rfc1 d5 $15) 18... Nf6 19. Nd2 {It is not so good to try the
transfer of the knight to f5 as Black has very strong play in the centre.} (19.
Nh4 Rfc8 20. Rac1 (20. Rfc1 d5) 20... Qc6 $15) 19... Qc6 20. Rfc1 (20. Nc4 Qxe4
21. Qxe4 Nxe4 22. Nb6 Ra7 23. Rfd1 Rb7 24. f3 Nf6 $15) 20... d5 21. exd5 (21.
c3 dxe4 22. Qb1 Qd5 23. cxb4 Bxb4 24. Nc4 Rad8 $17) 21... Nxd5 22. Nc4 Nxe3 {
I felt that the position is fine for Black, but could not make 22...Rad8! work
in every detail.} (22... Rad8 $1 23. Qf1 (23. Nxe5 Qe6 24. Nf3 Bf6 25. Nd4 Bxd4
26. Qxd4 Rfe8 27. Re1 Qc8 $1 (27... Qc6 $6 28. Qc5 Qxc5 29. Bxc5 Rxe1+ 30. Rxe1
Rc8 31. Bd4 Rxc2 32. Kf1 $11) 28. Bf4 Ne3 29. Qb6 Nxc2 $15) 23... Bf6 24. a5 e4
25. Rd1 Nxe3 26. fxe3 Qb5 $15) 23. fxe3 (23. Nxe3 Rfd8 24. Qe2 Bg5 25. c3 $11)
23... e4 {Despite all the science about light and dark squares it made much
more sense to activate the pieces first. Each pawn move in the middlegame
needs a special justification as the player forgoes the chance to improve one
of his pieces!} (23... Rfd8 $1 24. Qf1 Rd5 25. b3 Rad8 26. Rd1 g6 27. Rxd5 Qxd5
$15) 24. Qe2 Bf6 (24... Rad8 25. b3 Rd5 26. Rd1 Rfd8 27. Rxd5 Rxd5 28. Rd1 g6
$11) 25. Rab1 Rad8 26. b3 Rd5 27. Rf1 Rfd8 {It was much easier to prevent the
pesky move Qg4 with the simple 27...h5!?} (27... h5 $5 28. Rbd1 Rfd8 29. Rxd5
Rxd5 30. Rd1 $11) 28. Qg4 Rg5 29. Qf4 Qe6 (29... Qd5 30. h3 h5 $11) 30. Rbd1
Rxd1 (30... Rgd5 31. Rxd5 Qxd5 32. Qg4 Be7 $11) 31. Rxd1 Rd5 32. Rxd5 Qxd5 33.
Qd6 $1 {[%mdl 4096]} Qh5 {In the next phase of the game Black needs to seek
counterply as a compensation for his vulnerable a6-, e4- and f7-pawns.
Naturally the endgame of the knight against bishop is hopeless.} (33... Qxd6 $2
34. Nxd6 Be5 35. Nxe4 $16) 34. h3 Qe2 35. Qd2 (35. Qxa6 Qxc2 36. Qc8+ Kh7 37.
Qf5+ Kg8 38. a5 Qxb3 39. Qc8+ Kh7 40. a6 Qb1+ 41. Kh2 Qa2 42. Qf5+ g6 43. Qxf6
Qxc4 44. Qe7 b3 $11) 35... Qh5 36. Qd7 {By a small miracle Black can always
strike back once White decides to start eating the pawns.} (36. Qxb4 Qd1+ 37.
Kh2 Qxc2 $11) 36... Kh7 37. a5 (37. Kf1 Bc3 $11) 37... Bc3 (37... Qe2 38. Qf5+
Kg8 39. Qxe4 Qe1+ 40. Kh2 Bh4 41. Qe8+ Kh7 $11) 38. Kf1 Qh4 (38... Bf6 $11) 39.
Qf5+ Kg8 40. Kg1 Bf6 41. Qc8+ (41. Nd2 Qe1+ 42. Nf1 Bh4 43. Qc8+ Kh7 44. Qxa6
Bf2+ 45. Kh2 Bxe3 46. Nxe3 Qxe3 47. Qd6 f5 $11) 41... Kh7 42. Qxa6 $4 {Ragger
was in Crete not in the best form and his feeling for danger has betrayed him
right after the time trouble. This careless move should have lost!} (42. Kh2
Qe1 $11) 42... Qe1+ 43. Kh2 Bh4 44. Qd6 Bf2 45. h4 f5 $2 {I was so confused
after suffering in a worse position since the move 33 that in my mind draw was
highly desirable. This mental block prevented me from looking at the clever
move 45...g5! that contains the devilish idea of ...Bg1! with mate.} (45... g5
$1 46. hxg5 hxg5 47. Kh3 (47. a6 Bg1+ $1) 47... Qh1+ 48. Kg4 (48. Qh2 g4+ $19)
48... Qxg2+ 49. Kf5 (49. Kh5 Qf3+ 50. Kxg5 f6+ 51. Qxf6 Bh4+ $19) 49... Qf3+
50. Ke5 Bg3+ $19) 46. Qf4 Qg1+ 47. Kh3 Qh1+ 48. Qh2 Qd1 49. Qf4 {Both players
have to be satisfied with only half a point.} (49. g3 $2 g5 $1 50. Qg2 Bg1 51.
g4 Qe1 52. hxg5 hxg5 53. Qh1 Qf1+ 54. Kg3+ Kg8 55. gxf5 Bf2+ 56. Kh2 Bg3+ $19)
49... Qh1+ 50. Qh2 Qd1 51. Qf4 Qh1+ 1/2-1/2

[Event "EU-Cup 23rd"]
[Site "Kemer"]
[Date "2007.10.08"]
[Round "6.2"]
[White "Adams, Michael"]
[Black "Karjakin, Sergey"]
[Result "0-1"]
[WhiteElo "2729"]
[BlackElo "2694"]
[Annotator "Ftacnik,L"]
[PlyCount "108"]
[EventDate "2007.10.03"]
[EventType "team-swiss"]
[EventRounds "7"]
[EventCountry "TUR"]
[SourceTitle "CBM 121"]
[Source "ChessBase"]
[SourceDate "2007.11.14"]
[SourceVersion "1"]
[SourceVersionDate "2007.11.14"]
[SourceQuality "1"]
[WhiteTeam "Merida Linex Magic"]
[BlackTeam "Tomsk 400"]
[WhiteTeamCountry "ESP"]
[BlackTeamCountry "RUS"]

1. e4 c5 2. Nf3 d6 3. d4 cxd4 4. Nxd4 Nf6 5. Nc3 a6 6. a4 Nc6 7. Be2 e5 8. Nb3
Be7 9. Bg5 O-O 10. O-O Be6 11. Bxf6 Bxf6 12. Nd5 Rc8 13. c3 Bg5 14. a5 Nb8 {
Karjakin deviates from the standard move 14...Ne7, since from d7 the black
knight will cover the vulnerable b6 square.} 15. Ra4 (15. Nb6 Rc6 16. Bg4 Nd7
$11) 15... Nd7 16. Rb4 Rb8 17. Bc4 {White bishop can address his counterpart
on e6 both from g4 and c4. The game move makes it difficult to dream about
activity with f7-f5 or swapping the bishop for the knight.} (17. Bg4 b5 18.
axb6 Bxd5 19. exd5 f5 20. Be2 Rxb6 21. Na5 $13) 17... b5 (17... h6 18. Nb6 Nxb6
19. Bxe6 Nd7 20. Bxd7 Qxd7 21. Rb6 $14) 18. axb6 Nxb6 (18... Bxd5 $5 19. Bxd5
Rxb6 $13) 19. Nxb6 Rxb6 20. Bxe6 fxe6 21. Na5 $2 {Adams has begun to drift at
this stage; Black has enough activity to keep an approximate balance.} (21. Qg4
$1 Re8 22. Rd1 Rxb4 23. cxb4 Qe7 24. Qe2 $14) 21... Rxb4 22. Nc6 (22. cxb4 Qd7
23. Nc4 Qc6 24. b3 Be7 25. Qg4 Rf6 26. Qe2 (26. h3 Qb5 27. Ra1 Qxb4 28. Rxa6
Qxb3 29. Nxd6 Qc2 $17) 26... Qb5 27. Qd2 $11) 22... Qa8 23. Nxb4 a5 24. Na2 $2
{The knight at the edge of the board is very passive. Adams could probably
have saved the game with a counterattack against the central pawns.} (24. Qg4
$1 axb4 25. Qxg5 bxc3 26. bxc3 Qxe4 27. Qe7 Qd5 28. c4 Qxc4 29. Qxd6 Qd5 $15)
24... Qxe4 25. Qxd6 Qc4 26. Nc1 e4 27. b3 Qxc3 (27... Qd5 $1 28. Qa6 (28. Qxd5
exd5 29. Ne2 Rb8 30. Rb1 Kf7 $17) 28... Be7 29. Qe2 Bc5 $17) 28. Qxe6+ Kh8 29.
Qd6 $6 (29. Ne2 Qd3 30. Ng3 e3 31. f4 Bf6 32. h3 $15) 29... Rd8 30. Qg3 Qc5 $6
{Excellent grandmasters are only human. White desperately tries to find a
playable position that is only worse, Karjakin is naturally hoping to get more.
} (30... Qxg3 31. hxg3 Rd2 32. Re1 Kg8 $17) 31. Ne2 e3 32. fxe3 (32. f4 Bf6 $17
) 32... Qxe3+ 33. Qxe3 Bxe3+ 34. Kh1 Kg8 35. h4 (35. g4 Rd3 36. Rb1 $15) 35...
Rd3 36. Rf5 $6 {[%mdl 4096] The defender's task is very depressing as all the
pluses in the position belong to the enemy.} (36. Ra1 $1 Bb6 37. Rb1 Bf2 (37...
Re3 38. Nf4 Bd8 $17) 38. Ra1 Bxh4 39. Rxa5 Rxb3 $17) 36... Bd2 37. Rf3 Rxf3 38.
gxf3 Kf7 39. Kg2 Ke6 {The model endgame clearly shows the difference between a
strong bishop and a knight suffering from "short legs".} 40. Nd4+ (40. f4 Kd5
41. Kf3 Kc5 42. Ke4 Kb4 43. Kd3 Be1 44. Nd4 Bxh4 45. Nc6+ Kb5 46. Nd4+ Kb6 $19)
40... Ke5 41. Nc2 h5 $1 42. Kf2 Bb4 43. Ke2 (43. Nxb4 axb4 44. Ke3 Kf5 45. Ke2
Kf4 46. Kf2 g6 $19) 43... Be7 44. Ne3 Bd8 45. Ng2 Kd4 46. Kd2 (46. Nf4 Kc3 47.
Nxh5 Kxb3 48. Nf4 Bxh4 49. Ne6 a4 $19) 46... g5 $1 {Opening the way of the
passed h-pawn to victory.} 47. hxg5 Bxg5+ 48. f4 Bd8 49. Ne3 (49. Kc2 h4 $19)
49... h4 50. Ke2 h3 51. Kf3 h2 52. Nf5+ Kc3 53. Kg2 Kxb3 54. Nd4+ Kc4 (54...
Kc4 55. Nc6 a4 56. Nxd8 a3 $19) 0-1

[Event "FIDE World Cup"]
[Site "Khanty-Mansiysk"]
[Date "2005.11.28"]
[Round "1.2"]
[White "Milos, Gilberto"]
[Black "Sadvakasov, Darmen"]
[Result "1/2-1/2"]
[WhiteElo "2620"]
[BlackElo "2612"]
[Annotator "Ftacnik,L"]
[PlyCount "112"]
[EventDate "2005.11.27"]
[EventType "k.o."]
[EventRounds "7"]
[EventCountry "RUS"]
[SourceTitle "CBM 111"]
[Source "ChessBase"]
[SourceDate "2006.04.04"]
[SourceVersion "1"]
[SourceVersionDate "2006.04.04"]
[SourceQuality "1"]

1. e4 c5 2. Nf3 d6 3. d4 cxd4 4. Nxd4 Nf6 5. Nc3 a6 6. Be2 e5 7. Nb3 Be7 8. Be3
Be6 9. Nd5 Nbd7 10. Qd3 O-O 11. O-O Bxd5 12. exd5 Nc5 13. Qd2 Nfe4 14. Qb4 a5
15. Qb5 b6 {Somewhat dubious move weakening the square c6, previously only 15..
.Qc7 was tested.} (15... Qc7 16. Nxc5 (16. Rfd1 a4 (16... b6 17. Qc4 (17. f3
Nf6 18. Qc4 Qb7 19. Nxc5 bxc5 20. Qb3 Qc7 21. Bb5 Nh5 22. Qc4 f5 23. c3 Rab8
24. b4 {1-0 Areshchenko,A (2625)-Efimenko,Z (2643)/Rivne 2005/ (44)}) 17... f5
18. Bd3 Qd8 19. Nxc5 Nxc5 20. a3 Rc8 21. Qb5 e4 22. Bf1 Bf6 23. Rab1 Be5 24. b4
axb4 25. Rxb4 Nd7 {0-1 Svidler,P (2713)-Polgar,J (2677)/Dos Hermanas 1999/ (33)
}) 17. Nxc5 Nxc5 18. Qc4 Rac8 19. b4 axb3 20. cxb3 Qd8 21. Rac1 f5 22. b4 Ne4
23. Qxc8 Qxc8 24. Rxc8 Rxc8 25. Bd3 f4 26. Rc1 {1-0 Svidler,P (2710)-Gelfand,B
(2675)/Haifa 1998/ (35)}) (16. Rad1 b6 17. f3 Nf6 18. f4 Nfd7 19. fxe5 dxe5 20.
Qc6 Qd8 21. d6 Bg5 22. Bxg5 Qxg5 23. Bc4 Nf6 24. Nxc5 bxc5 25. Qf3 Rab8 26. b3
{1-0 Cuijpers,F (2496)-Kohlweyer,B (2423)/Germany 2005/ (55)}) 16... dxc5 17.
Qc4 Nf6 18. Rfd1 Bd6 19. a3 Nd7 20. Rab1 Rac8 21. g4 Qd8 22. Kh1 Qh4 23. Rg1 e4
24. Rg2 Rce8 $11 {0-1 Nikolenko,O (2495)-Voitsekhovsky,S (2540)/Minsk 1998/ 
(50)}) 16. f3 Nf6 (16... Bg5 $2 17. Bxg5 Nxg5 18. h4 Nh3+ 19. gxh3 Qxh4 20. Rf2
$16) 17. Rfd1 Nfd7 (17... a4 18. Nxc5 bxc5 19. Qc4 $14) 18. Nd2 (18. Nxc5 bxc5
19. b3 f5 $14) 18... Bg5 19. Bf2 (19. Bxg5 Qxg5 20. Nc4 f5 21. c3 $14) 19...
Qe7 (19... Bxd2 20. Rxd2 Qg5 21. Rdd1 f5 22. c3 e4 23. b4 $14) (19... f5 $5 20.
Nc4 Rf6 $14) 20. Nc4 f5 (20... Rfc8 21. a3 a4 22. b4 axb3 23. cxb3 $16) 21. Qc6
b5 $1 {Considerably the best reaction to the immediate crises even though
capturing on b5 promises white advantage.} 22. Nxd6 (22. Qxb5 $5 Ra6 23. a4 Rb8
24. Bxc5 Rxb5 25. axb5 Nxc5 26. bxa6 Nxa6 27. Rxa5 Nc7 28. b4 $16) 22... Ra6
23. Bxb5 $1 (23. Nxf5 Rxf5 24. Qc7 e4 25. d6 Qe6 26. Bxb5 e3 27. Bxa6 exf2+ 28.
Kf1 Nxa6 29. Qc8+ Kf7 30. Qxa6 Bh4 $17) 23... Rxc6 24. dxc6 {[%mdl 1024] Milos
has only one rook for the queen but additional piece is on it's way. Black is
not finding time to do his opponent any serious harm.} e4 (24... Bf4 25. cxd7
Nxd7 26. g3 Bg5 27. h4 Bh6 28. Nxf5 Rxf5 29. Rxd7 $16) 25. cxd7 Nxd7 (25... e3
$2 26. Bc4+ Kh8 27. Nf7+ Rxf7 28. d8=Q+ Qxd8 29. Rxd8+ Bxd8 30. Bxf7 $18) 26.
Nxf5 (26. c4 $2 e3 27. Be1 e2 $19) 26... Rxf5 27. Bxd7 (27. Rxd7 Qb4 28. a4 e3
$17) 27... Rf8 28. fxe4 Qxe4 29. Bc5 Rb8 {Retrospectively it seems that white
would have to struggle to make draw after the logical exchange of bishops 29...
Be3+!?} (29... Be3+ $5 30. Bxe3 Qxe3+ 31. Kh1 Rf2 32. a3 (32. Ba4 Qe4 33. Bb3+
Kf8 34. Bd5 Qxc2 35. b3 Rd2 36. Rdc1 Qb2 $17) 32... Rxc2 33. b4 axb4 34. axb4
Qe4 35. Bh3 h5 $15) 30. Kh1 Qxc2 (30... Rxb2 31. Re1 Qxc2 32. Re8+ Kf7 33. Rf8+
$1 (33. Rf1+ Kg6 34. Re6+ Kh5 35. g4+ Kh4 36. Bf2+ Qxf2 (36... Kh3 $2 37. Re3+
Bxe3 38. g5+ Qf5 39. Bxf5#) 37. Rxf2 Rxf2 38. a4 Kh3 39. Kg1 Rd2 $17) 33... Kg6
34. Bf5+ Qxf5 35. Rxf5 Kxf5 36. Bd4 Rb7 $11) 31. Bd4 Kh8 (31... Qe4 32. Bc3 Bf6
$15) 32. Bc3 a4 (32... Bf6 $15) 33. a3 Bf6 34. Rd2 Qe4 35. Bb4 (35. Rad1 h6 36.
Bxf6 gxf6 37. Rd4 Qc2 38. Bxa4 Qxb2 $15) 35... Qf4 (35... Rxb4 $2 36. axb4 a3
37. Rc1 $1 g6 38. bxa3 Qf4 39. Rdc2 Be5 40. g3 Qf3+ 41. Rg2 Qxa3 42. Rc8+ Kg7
43. b5 $16) 36. Re1 h5 (36... Be5 $5 {Sadvakasov ignores the golden chance to
improve the location of his bishop with 36...Be5!?} 37. g3 Qf3+ 38. Kg1 Bc7 (
38... Qf6 39. Kg2 Bxb2 40. Bxa4 $11) 39. Bc5 Ba5 40. Rf1 Qxf1+ 41. Kxf1 Bxd2
42. Bxa4 Rxb2 $15) 37. Rde2 (37. Rd5 g6 38. Bxa4 Bxb2 $11) 37... Ra8 38. Bc6 (
38. Be8 Qg5 39. Bc6 Ra6 $11) 38... Rc8 (38... Ra7 39. Bd5 Kh7 40. b3 axb3 41.
Bxb3 $11) 39. Bxa4 Rc1 40. Bd1 $5 {Milos might have hoped to have become some
winning chances, but black has no problem to prove otherwise.} (40. Rxc1 Qxc1+
41. Re1 Qxb2 $11) 40... Qf5 (40... Rxd1 41. Rxd1 Be5 42. Rxe5 (42. Kg1 Qxh2+
43. Kf2 Qh4+ 44. Kg1 Bd4+ 45. Rxd4 Qxd4+ 46. Rf2 h4 $15) 42... Qxe5 43. Bc3 Qb5
(43... Qe2 44. Ra1 h4 45. h3 $16) 44. h4 $16) 41. Re8+ (41. b3 Bh4 $1 $15) (41.
Bd2 Rb1 42. Re3 Rxb2 43. Bf3 g6 44. Re8+ Kh7 45. Bc1 $11) 41... Kh7 42. Bf3
Rxe1+ (42... Qf4 43. R8e4 Rxe1+ 44. Rxe1 h4 45. Re4 Qc1+ 46. Re1 Qxb2 47. Bd6
$11) 43. Rxe1 g6 44. b3 Qf4 (44... Qd3 45. Bd1 Bd4 $11) 45. Bc5 Qd2 46. Rd1 Qc3
47. b4 Qxa3 {The drawish character of this position is rather unmistakable.}
48. Be4 (48. Rd7+ Kh8 49. Rd5 $11) 48... Qa4 49. Rd6 Kg7 50. Bd3 Be7 51. Rxg6+
(51. Bd4+ Kf8 52. Rd5 Qxb4 $17) 51... Kf7 52. Bg1 (52. Bxe7 $2 Qd1+ $19) 52...
Qxb4 53. Rg3 h4 54. Rf3+ Kg7 55. h3 Bc5 56. Bh2 Bd6 1/2-1/2